| 000 | 01171nam a22003377a 4500 | ||
|---|---|---|---|
| 003 | CHAP | ||
| 005 | 20220329140330.0 | ||
| 008 | 971013s1977 r 00010 d | ||
| 010 | _a50528 | ||
| 011 | _a51500 | ||
| 035 | _a55650 | ||
| 040 | _cCHAP | ||
| 090 | _aTesis | ||
| 100 | 0 | 0 |
_aTorres Valencia, Salvador. _9114258 |
| 245 | _aPrueba preliminar de utilización de insectos (Anastrepha ludens, Loew) en raciones para pollos de engorda en iniciación | ||
| 260 |
_aMonterrey, N.L. : _bEl autor, _c1977 |
||
| 300 | _a63 h. | ||
| 502 | _aTesis (Ing. Agr. Zootecnista) -- ITESM. Div. de Ciencias Agropecuarias y Marítimas | ||
| 590 |
_aALEPH _b10 _c20130110 _lUCH01 _h1325 |
||
| 590 |
_aBATCH-UPD _b10 _c20130110 _lUCH01 _h1706 |
||
| 590 |
_aBATCH-UPD _b10 _c20130410 _lUCH01 _h1053 |
||
| 590 |
_aBATCH-UPD _b10 _c20130914 _lUCH01 _h0328 |
||
| 590 |
_aCONVERSION _b10 _c20130109 _lUCH01 _h1327 |
||
| 650 | 1 | 4 |
_aAnastrepha ludens. _95487 |
| 650 | 1 | 4 |
_aAves de corral _xAlimentación. _98638 |
| 650 | 1 | 4 |
_aAves de corral _xEngorda. _98647 |
| 650 | 1 | 4 |
_aInsectos en nutrición animal. _958959 |
| 901 | _aBK | ||
| 942 | _cTESIS | ||
| 949 |
_bBC _cTES _d-122002 _eTS1 _i55650 _si |
||
| 999 |
_c50528 _d50528 |
||